Estados financieros : (Registro nro. 15108)
[ vista simple ]
| 000 -LEADER | |
|---|---|
| fixed length control field | 01204nam a2200253Ia 4500 |
| 003 - CONTROL NUMBER IDENTIFIER | |
| control field | OSt |
| 005 - DATE AND TIME OF LATEST TRANSACTION | |
| control field | 20221209140310.0 |
| 008 - FIXED-LENGTH DATA ELEMENTS--GENERAL INFORMATION | |
| fixed length control field | 210310s1971 mx gr 001 0 spa d |
| 020 ## - INTERNATIONAL STANDARD BOOK NUMBER | |
| International Standard Book Number | 9684385757 |
| 040 ## - CATALOGING SOURCE | |
| Original cataloging agency | CO-JMCR |
| Transcribing agency | CO-JMCR |
| 041 1# - LANGUAGE CODE | |
| Language code of text/sound track or separate title | spa |
| Language code of original | eng |
| 082 04 - DEWEY DECIMAL CLASSIFICATION NUMBER | |
| Edition number | 23 |
| Classification number | 657.33 / |
| Item number | K351e |
| 100 1# - MAIN ENTRY--PERSONAL NAME | |
| Personal name | Kennedy, Ralph Dale, |
| 9 (RLIN) | 35338 |
| Relator term | autor |
| 245 10 - TITLE STATEMENT | |
| Title | Estados financieros : |
| Remainder of title | forma, análisis e interpretación / |
| Statement of responsibility, etc. | Ralph Dale Kennedy, Stewart Yarwood McMullen ; traductor, Luis Guasch Rubio |
| 260 ## - PUBLICATION, DISTRIBUTION, ETC. | |
| Place of publication, distribution, etc. | México : |
| Name of publisher, distributor, etc. | UTEHA, |
| Date of publication, distribution, etc. | 1971 |
| 300 ## - PHYSICAL DESCRIPTION | |
| Extent | xvii, 805 páginas ; |
| Dimensions | 23 cm |
| 500 ## - GENERAL NOTE | |
| General note | Traducción de: Financial statements |
| 500 ## - GENERAL NOTE | |
| General note | Incluye índice alfabético |
| 505 0# - FORMATTED CONTENTS NOTE | |
| Formatted contents note | Introducción a los estados financieros y formulación de los mismos -- Análisis e interpretación de los estados financieros comerciales e industriales -- Efecto de los cambios en los niveles de precios en la interpretación de los estados financieros -- Análisis e interpretación de los estados financieros de distintos tipos de negocios |
| 650 14 - SUBJECT ADDED ENTRY--TOPICAL TERM | |
| Topical term or geographic name entry element | Estados financieros |
| 9 (RLIN) | 35340 |
| 700 1# - ADDED ENTRY--PERSONAL NAME | |
| Personal name | McMullen, Steward Yarwood, |
| Relator term | autor |
| 9 (RLIN) | 42490 |
| 700 1# - ADDED ENTRY--PERSONAL NAME | |
| Personal name | Guasch Rubio, Luis, |
| Relator term | traductor |
| 9 (RLIN) | 42491 |
| 942 ## - ADDED ENTRY ELEMENTS (KOHA) | |
| Source of classification or shelving scheme | Dewey Decimal Classification |
| Koha item type | Books |
| Withdrawn status | Lost status | Source of classification or shelving scheme | Damaged status | Not for loan | Home library | Current library | Date acquired | Total Checkouts | Full call number | Barcode | Date last seen | Date last checked out | Copy number | Price effective from | Koha item type |
|---|---|---|---|---|---|---|---|---|---|---|---|---|---|---|---|
| Dewey Decimal Classification | Biblioteca Pública José María del Castillo y Rada | Biblioteca Pública José María del Castillo y Rada | 03/10/2021 | 1 | 657.33 / K351e | 201811686 | 09/19/2024 | 09/18/2024 | Ej.1 | 03/10/2021 | Books |